| 000 | 00699nam a2200133Ia 4500 | ||
|---|---|---|---|
| 008 | 220620s9999||||xx |||||||||||||| ||und|| | ||
| 020 | _a9782890000000 | ||
| 245 | 4 | _aThe Impact of Virtual and Augmented Reality on Individuals and Society | |
| 546 | _aEnglish[eng] | ||
| 650 | _avirtual reality||VR||virtual environments||Societal impact||Law||Ethics||Immersion||presence||serious games||Medicine||clinical psychology||Journalism||entertainment||long term effects | ||
| 700 | _aSlater, Mel||Sanchez-Vives, Maria V.||Rizzo, Albert||Bergamasco, Massimo | ||
| 856 | _uhttps://www.frontiersin.org/research-topics/5554/the-impact-of-virtual-and-augmented-reality-on-individuals-and-society | ||
| 942 | _cEB | ||
| 999 |
_c29459 _d29459 |
||